000 02959nam a2200301 i 4500
005 20250329165448.0
007 ta
008 170718s2020 000 0 eng d
040 _aCO-CtgCURN
_bspa
_ccoctgcurn
_erda
082 0 _aINS 2020
_bN778
100 1 _aNoguera Ocon, Rafael Andres,
_eauthor.
_4aut
245 1 0 _aEnlace VPN con administración centralizada implementando protocolos de seguridad para la Corporación Universitaria Rafael Núñez (encriptando la información bajo IPsec y L2tp) /
_cRafael Andres Noguera Ocon; Keyner Jesus Meza Barrios; Antonio Carlos Mendoza Rojas; director: Marcos Antonio Soto Berrocal.
260 _aCartagena de Indias :
_bCorporación Universitaria Rafael Núñez,
_c2020.
260 1 _aCartagena de Indias : :
_bCorporación Universitaria Rafael Nuñez,,
_c2020.
300 _a55 hojas.
336 _atext
_btxt
_2rdacontent
337 _aunmediated
_bn
_2rdamedia
338 _avolume
_bnc
_2rdacarrier
504 _aTrabajo de grado (Ingeniero de Sistemas). Corporación Universitaria Rafael Nuñez. Facultad de Ingenieria. Ingenieria de Sistemas, 2020.
520 _a"Este proyecto es realizado con el fin de brindar una solución para la corporación universitaria Rafael Núñez "C.U.R.N" en cuanto al manejo de información. De acuerdo con lo anterior se dio la tarea de averiguar cuál sera la solución y que además esta sea implementada con protocolos de seguridad. Se recolecto la suficiente información llegando a la conclusión de que la mejor tecnología a implementar era la tecnología VPN caracterizada por su fácil manejo de la información y además que es necesario saberes avanzados para su administración, Ayudando así al manejo de la información y a su vez evitando fugas de esta inicialmente en dos sedes de la universidad, en la investigación se encontró con L2TP que es un protocolo de túnel utilizado para soportar la red virtual privada (VPN) este no provee ningún servicio de encriptado por sí mismo por lo que es necesario unirlo a IPSEC (Internet Protocol security) el cual sera el encargado de autenticar y encriptar cada uno de los paquetes IP de una determinada sesión de comunicación, la ventaja más notable es que IPSEC incluye sus mismos protocolos para el establecimiento de procesos de autenticación mutua entre los involucrados al comienzo de cada sesión y la navegación de claves criptográficas para ser usadas durante cada sesión."
650 0 _aIngenieria de sistemas
_xTesis y disertaciones academicas.
700 1 _aMeza Barrios Keyner Jesus.
700 1 _aMendoza Rojas, Antonio Carlos.
700 1 _aSoto Berrocal, Marcos Antonio,
_edirector.
856 _uhttps://unicurn.sharepoint.com/:b:/s/biblioteca/ETc0545JS_JBq-HjCPCIJ98BpuU6owoAJzpqRII2MCW3Yw?e=adymiB
_zClick aqui para ver el recurso en texto completo
942 _2ddc
_cTG
_aMHC
_bMHC
_2ddc
_hINS 2020
_iN778
999 _c4813
_d4813